| 000 | 01340nac a22003251u 4500 | ||
|---|---|---|---|
| 010 | _a 91024486 | ||
| 020 | _a068306262X | ||
| 082 | 0 | 0 |
_a614.076 _bC3448 |
| 090 |
_c3601 _d3601 |
||
| 100 | _a20080729 | ||
| 245 | 0 | 0 |
_aPreventive medicine and public health / _c[edited by] Brett J. Cassens. |
| 250 | _a2nd ed. | ||
| 260 |
_aBaltimore : _bWilliams & Wilkins ; _aMalvern, Pa. : _bHarwal Pub. Co.,1992 _c1992. |
||
| 300 |
_axv, 497 p. : _bill. ; _c25 cm. |
||
| 440 | 4 | _aThe National medical series for independent study | |
| 500 | _aDonations | ||
| 500 | _aDonations-Bibliotheca Alexandrina | ||
| 504 | _aIncludes bibliographical references and index. | ||
| 650 | 0 |
_aMedicine, Preventive _xOutlines, syllabi, etc. |
|
| 650 | 0 |
_aPublic health _xOutlines, syllabi, etc. |
|
| 650 | 0 |
_aMedicine, Preventive _xExaminations, questions, etc. |
|
| 650 | 0 |
_aPublic health _xExaminations, questions, etc. |
|
| 650 | 0 |
_aPreventive Medicine _xexamination questions. |
|
| 650 | 0 |
_aPreventive Medicine _xoutlines. |
|
| 650 | 0 |
_aPublic Health _xexamination questions. |
|
| 650 | 0 |
_aPublic Health _xoutlines. |
|
| 700 | 1 | _aCassens, Brett J. | |
| 942 |
_cBB _k614.076C3448 |
||
| 999 |
_c3601 _d3601 |
||